[Event "Staffordshire Open"]
[Site "Stoke-on-Trent"]
[Date "2025.08.17"]
[Round "4.2"]
[White "Boswell, Jacob"]
[Black "Flavell, Archie"]
[Result "1-0"]
[WhiteElo "2252"]
[BlackElo "1927"]
[PlyCount "71"]
[EventDate "2025.08.16"]
[EventType "swiss"]
[EventRounds "5"]
[EventCountry "ENG"]
[SourceTitle "BritBase"]
[Source "John Saunders"]
[SourceDate "2025.08.19"]
[SourceVersion "1"]
[SourceVersionDate "2025.08.19"]
[SourceQuality "1"]

1. c4 Nf6 2. Nc3 g6 3. e4 d6 4. d4 Bg7 5. h3 O-O 6. Be3 e5 7. d5 Na6 8. g4 Nc5 9. f3 a5 10. Qd2 h5 11. O-O-O Bd7 12. Nge2 Qe8 13. Kb1 a4 14. Nc1 b6 15. Be2 Qe7 16. Bg5 Qe8 17. Rdg1 Kh7 18. Qe1 Ng8 19. gxh5 gxh5 20. Qd1 f6 21. Bh4 Qf7 22. f4 Be8 23. f5 Bh6 24. Rg6 Qe7 25. Rg2 Qf7 26. Rhg1 Be3 27. Bf2 Bxf2 28. Rxf2 Ne7 29. Rfg2 Rg8 30. Rxg8 Nxg8 31. Bf3 Nh6 32. N1e2 Ra7 33. Ng3 h4 34. Nh5 Kh8 35. Qe1 c6 36. Rg7 1-0

[Event "Staffordshire Open"]
[Site "Stoke-on-Trent"]
[Date "2025.08.17"]
[Round "4.3"]
[White "Kryshtafor, Maksym"]
[Black "Westfield, Francis"]
[Result "1-0"]
[WhiteElo "1682"]
[BlackElo "1863"]
[PlyCount "101"]
[EventDate "2025.08.16"]
[EventType "swiss"]
[EventRounds "5"]
[EventCountry "ENG"]
[SourceTitle "BritBase"]
[Source "John Saunders"]
[SourceDate "2025.08.19"]
[SourceVersion "1"]
[SourceVersionDate "2025.08.19"]
[SourceQuality "1"]

1. e4 b6 2. Nf3 e6 3. Nc3 Bb7 4. d4 h6 5. Bd3 d6 6. O-O g6 7. e5 d5 8. h4 h5 9. Ng5 Ne7 10. Qf3 Nf5 11. Bxf5 gxf5 12. Nh3 Qxh4 13. Bg5 Qg4 14. Qd3 Ba6 15. Nb5 Bxb5 16. Qxb5+ c6 17. Qd3 Qe4 18. Qc3 Rg8 19. f3 Qe2 20. Rf2 Qc4 21. Qd2 c5 22. c3 cxd4 23. b3 Qxc3 24. Rc1 Qxd2 25. Rc8+ Kd7 26. Rd8+ Kc7 27. Rxd2 Kb7 28. Rc2 Bc5 29. Rxg8 d3+ 30. Rf2 Nc6 31. Rxa8 Kxa8 32. Kf1 Bxf2 33. Nxf2 Nxe5 34. Bf4 Ng6 35. Nxd3 h4 36. Bg5 Kb7 37. Nf4 Nxf4 38. Bxf4 f6 39. Bh6 Kc6 40. Bg7 Kd6 41. Bxf6 a6 42. Bxh4 e5 43. Ke2 d4 44. Kd3 Kd5 45. Bd8 b5 46. Bb6 e4+ 47. fxe4+ fxe4+ 48. Kd2 d3 49. Ba5 Kd4 50. Bc3+ Kd5 51. Ke3 1-0

[Event "Staffordshire Open"]
[Site "Stoke-on-Trent"]
[Date "2025.08.17"]
[Round "4.4"]
[White "Lambton, David"]
[Black "Lees, Nicholas"]
[Result "0-1"]
[WhiteElo "1802"]
[BlackElo "1792"]
[PlyCount "88"]
[EventDate "2025.08.16"]
[EventType "swiss"]
[EventRounds "5"]
[EventCountry "ENG"]
[SourceTitle "BritBase"]
[Source "John Saunders"]
[SourceDate "2025.08.19"]
[SourceVersion "1"]
[SourceVersionDate "2025.08.19"]
[SourceQuality "1"]

1. c4 Nf6 2. g3 e6 3. Bg2 d5 4. Nf3 Be7 5. O-O O-O 6. cxd5 exd5 7. d4 c6 8. Nc3 Bf5 9. Bf4 Qc8 10. Re1 Bh3 11. Bh1 Ne4 12. Qb3 Nd7 13. Rac1 Nxc3 14. bxc3 h6 15. e4 Nb6 16. exd5 Nxd5 17. Bd2 Bf6 18. c4 Ne7 19. Bb4 Re8 20. d5 Qd7 21. Rcd1 cxd5 22. cxd5 Rad8 23. Ne5 Bxe5 24. Rxe5 Ng6 25. Re3 Rxe3 26. fxe3 Qg4 27. e4 Ne5 28. Re1 h5 29. Qd1 Qg6 30. Bc3 Ng4 31. Bg2 Bxg2 32. Kxg2 h4 33. Qf3 h3+ 34. Kg1 Qb6+ 35. Kh1 Nf2+ 36. Kg1 Ng4+ 37. Kh1 Nf2+ 38. Kg1 Nxe4+ 39. Kf1 Qb5+ 40. Re2 Nxc3 41. Qxc3 Qxd5 42. Qc7 Qh1+ 43. Kf2 Qg2+ 44. Ke1 Qg1# 0-1

[Event "Staffordshire Open"]
[Site "Stoke-on-Trent"]
[Date "2025.08.17"]
[Round "4.5"]
[White "Ranasinghe, Chaniru"]
[Black "Gardiner, Harry"]
[Result "0-1"]
[WhiteElo "1642"]
[BlackElo "2001"]
[PlyCount "64"]
[EventDate "2025.08.16"]
[EventType "swiss"]
[EventRounds "5"]
[EventCountry "ENG"]
[SourceTitle "BritBase"]
[Source "John Saunders"]
[SourceDate "2025.08.19"]
[SourceVersion "1"]
[SourceVersionDate "2025.08.19"]
[SourceQuality "1"]

1. d4 d5 2. Bf4 c5 3. e3 Nc6 4. Nd2 cxd4 5. exd4 Nxd4 6. c3 Nc6 7. Ngf3 e6 8. Bb5 Bd6 9. Ne5 Bxe5 10. Bxe5 f6 11. Bg3 Qe7 12. Nb3 a6 13. Be2 Nh6 14. O-O O-O 15. Re1 Rd8 16. Bf3 a5 17. Nd4 Nxd4 18. Qxd4 Nf5 19. Qd3 Nxg3 20. hxg3 Qd6 21. Rad1 Ra6 22. c4 d4 23. Re4 e5 24. Rh4 g6 25. Bd5+ Be6 26. Bf3 f5 27. Be2 e4 28. Qb1 d3 29. Bf1 Bxc4 30. f3 Qxg3 31. Rh3 Qe5 32. Qc1 Bxa2 0-1

[Event "Staffordshire Open"]
[Site "Stoke-on-Trent"]
[Date "2025.08.17"]
[Round "4.6"]
[White "Layhe, Simon"]
[Black "Barwick, Carmel"]
[Result "1-0"]
[WhiteElo "1910"]
[BlackElo "1915"]
[PlyCount "99"]
[EventDate "2025.08.16"]
[EventType "swiss"]
[EventRounds "5"]
[EventCountry "ENG"]
[SourceTitle "BritBase"]
[Source "John Saunders"]
[SourceDate "2025.08.19"]
[SourceVersion "1"]
[SourceVersionDate "2025.08.19"]
[SourceQuality "1"]

1. e4 e5 2. Nf3 Nc6 3. Bc4 Nf6 4. d3 Bc5 5. O-O d6 6. c3 a5 7. Bb5 Bd7 8. d4 Bb6 9. Re1 h6 10. Na3 exd4 11. cxd4 O-O 12. Bf4 d5 13. e5 Nh7 14. h4 Bg4 15. Bxc6 bxc6 16. Rc1 Bxf3 17. Qxf3 Qxh4 18. Rxc6 Ng5 19. Bxg5 Qxg5 20. Nc2 Rad8 21. Qe3 Qf5 22. Qg3 Kh8 23. Re3 Rde8 24. Qf3 Qd7 25. Rxh6+ gxh6 26. Qf6+ Kh7 27. Rh3 Qxh3 28. gxh3 Re6 29. Qf5+ Kh8 30. Qf4 Kh7 31. Ne3 c6 32. Ng4 Bd8 33. Kf1 Bg5 34. Qf5+ Kg7 35. f4 Be7 36. Ne3 Rb8 37. Qg4+ Kh7 38. f5 Rg8 39. Qf3 Bg5 40. fxe6 fxe6 41. Ng4 Kh8 42. Ke2 Rb8 43. b3 Kg7 44. Qc3 h5 45. Nf6 Bxf6 46. exf6+ Kxf6 47. Qxc6 Rg8 48. Kf2 Rg5 49. Qc8 Rf5+ 50. Ke2 1-0

[Event "Staffordshire Open"]
[Site "Stoke-on-Trent"]
[Date "2025.08.17"]
[Round "4.7"]
[White "Ofeni, Joel"]
[Black "Ilett, Raymond"]
[Result "0-1"]
[WhiteElo "1672"]
[BlackElo "1837"]
[PlyCount "82"]
[EventDate "2025.08.16"]
[EventType "swiss"]
[EventRounds "5"]
[EventCountry "ENG"]
[SourceTitle "BritBase"]
[Source "John Saunders"]
[SourceDate "2025.08.19"]
[SourceVersion "1"]
[SourceVersionDate "2025.08.19"]
[SourceQuality "1"]

1. c4 Nf6 2. Nf3 b6 3. g3 Bb7 4. Bg2 c5 5. O-O e6 6. Nc3 Be7 7. Re1 d5 8. cxd5 exd5 9. d4 O-O 10. Bg5 Nbd7 11. Kh1 h6 12. Bf4 Ne4 13. Be3 Bf6 14. Kg1 Re8 15. a4 Rc8 16. h4 Nxg3 17. dxc5 Bxc3 18. bxc3 Nf5 19. cxb6 Nxe3 20. fxe3 Qxb6 21. Qd4 Rxe3 22. Rab1 Qxd4 23. Nxd4 Ba6 24. Nb5 Bxb5 25. Rxb5 Nf6 26. Rb7 Rcxc3 27. Rxa7 Rc4 28. Ra1 Rg4 29. Kf2 Rc3 30. h5 Rf4+ 31. Ke1 Rg3 32. e3 Rxg2 33. exf4 Rg1+ 34. Kd2 Rxa1 35. Kc2 Nxh5 36. Kb2 Re1 37. a5 Nxf4 38. a6 Re6 39. Ra8+ Kh7 40. a7 Ra6 41. Kc3 Ne6 0-1

[Event "Staffordshire Open"]
[Site "Stoke-on-Trent"]
[Date "2025.08.17"]
[Round "5.1"]
[White "Blackburn, Jonathan LB"]
[Black "Kryshtafor, Maksym"]
[Result "1-0"]
[WhiteElo "2207"]
[BlackElo "1682"]
[PlyCount "97"]
[EventDate "2025.08.16"]
[EventType "swiss"]
[EventRounds "5"]
[EventCountry "ENG"]
[SourceTitle "BritBase"]
[Source "John Saunders"]
[SourceDate "2025.08.19"]
[SourceVersion "1"]
[SourceVersionDate "2025.08.19"]
[SourceQuality "1"]

1. d4 d5 2. c4 Nf6 3. cxd5 Nxd5 4. e4 Nb6 5. Nc3 e6 6. Be3 Be7 7. Bd3 N8d7 8. Nf3 c5 9. a4 cxd4 10. Bxd4 Nf6 11. O-O O-O 12. Qc2 h6 13. a5 Nbd7 14. Nb5 Nc5 15. e5 Nfd7 16. Rfd1 a6 17. Nd6 Nxd3 18. Rxd3 Bxd6 19. exd6 Re8 20. Re3 Nf6 21. Bxf6 Qxf6 22. Ne5 Qd8 23. Qc7 Qxc7 24. dxc7 Re7 25. Rc3 f6 26. Nc4 Rxc7 27. Nb6 Rxc3 28. bxc3 Rb8 29. Rd1 Kf8 30. Rd8+ Ke7 31. Rxc8 Rxc8 32. Nxc8+ Kd7 33. Nb6+ Kc6 34. Kf1 Kb5 35. Ke2 Kxa5 36. Nc4+ Ka4 37. Kd3 b5 38. Nd2 e5 39. g4 a5 40. Kc2 Ka3 41. h4 a4 42. h5 Ka2 43. Ne4 a3 44. Nd6 Ka1 45. Nxb5 a2 46. Nd6 e4 47. Nb7 e3 48. Nc5 exf2 49. Nb3# 1-0

[Event "Staffordshire Open"]
[Site "Stoke-on-Trent"]
[Date "2025.08.17"]
[Round "5.2"]
[White "Latt, Maung Maung"]
[Black "Boswell, Jacob"]
[Result "0-1"]
[WhiteElo "2151"]
[BlackElo "2252"]
[PlyCount "80"]
[EventDate "2025.08.16"]
[EventType "swiss"]
[EventRounds "5"]
[EventCountry "ENG"]
[SourceTitle "BritBase"]
[Source "John Saunders"]
[SourceDate "2025.08.19"]
[SourceVersion "1"]
[SourceVersionDate "2025.08.19"]
[SourceQuality "1"]

1. d4 Nf6 2. Nf3 g6 3. Bf4 Bg7 4. e3 O-O 5. Be2 d6 6. h3 b6 7. O-O Bb7 8. c4 Ne4 9. a4 a5 10. Nbd2 e5 11. Bh2 Nxd2 12. Qxd2 e4 13. Ne1 Nd7 14. Nc2 Qe7 15. b4 axb4 16. Qxb4 Ra5 17. Ra3 Rfa8 18. Rfa1 Bf8 19. Qb3 Qd8 20. R3a2 R8a7 21. Bf4 Qa8 22. Bg4 Nf6 23. Bd1 b5 24. Ne1 bxc4 25. Qb2 Nd5 26. Bg3 Bc6 27. Qc1 Nb6 28. f3 exf3 29. Nxf3 Bxa4 30. Be1 R5a6 31. Be2 Bc6 32. Rxa6 Rxa6 33. Rb1 Be4 34. Rb5 d5 35. Ng5 c6 36. Rxb6 Rxb6 37. Nxe4 dxe4 38. Qxc4 Rb1 39. Kf2 Qc8 40. g4 Qc7 0-1

[Event "Staffordshire Open"]
[Site "Stoke-on-Trent"]
[Date "2025.08.17"]
[Round "5.3"]
[White "Lees, Nicholas"]
[Black "Layhe, Simon"]
[Result "1-0"]
[WhiteElo "1792"]
[BlackElo "1910"]
[PlyCount "75"]
[EventDate "2025.08.16"]
[EventType "swiss"]
[EventRounds "5"]
[EventCountry "ENG"]
[SourceTitle "BritBase"]
[Source "John Saunders"]
[SourceDate "2025.08.19"]
[SourceVersion "1"]
[SourceVersionDate "2025.08.19"]
[SourceQuality "1"]

1. d4 d5 2. c4 e6 3. Nc3 Nf6 4. Bg5 Bb4 5. e3 h6 6. Bxf6 Bxc3+ 7. bxc3 Qxf6 8. Nf3 Nd7 9. Qb3 c6 10. cxd5 exd5 11. a4 O-O 12. Bd3 Re8 13. O-O Qd6 14. c4 Nf6 15. Ne5 Rb8 16. cxd5 Nxd5 17. e4 Qb4 18. Bc4 Qxb3 19. Bxb3 Rxe5 20. dxe5 Nf4 21. Rad1 Ne6 22. f4 Kf8 23. Rd6 Ke7 24. Bxe6 Bxe6 25. Rb1 Bd7 26. Rbd1 Be6 27. a5 g6 28. Kf2 c5 29. h3 h5 30. Kf3 h4 31. Ke3 b5 32. Rc6 c4 33. Rc7+ Ke8 34. Rxa7 b4 35. a6 Bc8 36. Rb1 Rb6 37. Ra8 Kd7 38. a7 1-0

[Event "Staffordshire Open"]
[Site "Stoke-on-Trent"]
[Date "2025.08.17"]
[Round "5.4"]
[White "Flavell, Archie"]
[Black "Gardiner, Harry"]
[Result "1-0"]
[WhiteElo "1927"]
[BlackElo "2001"]
[PlyCount "43"]
[EventDate "2025.08.16"]
[EventType "swiss"]
[EventRounds "5"]
[EventCountry "ENG"]
[SourceTitle "BritBase"]
[Source "John Saunders"]
[SourceDate "2025.08.19"]
[SourceVersion "1"]
[SourceVersionDate "2025.08.19"]
[SourceQuality "1"]

1. e4 c5 2. Nf3 e6 3. d4 cxd4 4. Nxd4 Nf6 5. Bd3 Nc6 6. Nxc6 bxc6 7. O-O d5 8. e5 Nd7 9. Re1 Qb6 10. Nd2 Bc5 11. Qf3 O-O 12. Nb3 f6 13. Nxc5 Nxc5 14. Be3 fxe5 15. Bxh7+ Kxh7 16. Qxf8 d4 17. Bg5 Bb7 18. Qd6 Na4 19. Qxe6 Qxb2 20. Rab1 Qc3 21. Qxe5 Nc5 22. Be7 1-0

[Event "Staffordshire Open"]
[Site "Stoke-on-Trent"]
[Date "2025.08.17"]
[Round "5.5"]
[White "Ilett, Raymond"]
[Black "Lambton, David"]
[Result "1-0"]
[WhiteElo "1837"]
[BlackElo "1802"]
[PlyCount "127"]
[EventDate "2025.08.16"]
[EventType "swiss"]
[EventRounds "5"]
[EventCountry "ENG"]
[SourceTitle "BritBase"]
[Source "John Saunders"]
[SourceDate "2025.08.19"]
[SourceVersion "1"]
[SourceVersionDate "2025.08.19"]
[SourceQuality "1"]

1. d4 Nf6 2. c4 c5 3. d5 e6 4. Nc3 exd5 5. cxd5 d6 6. e4 g6 7. Nf3 Bg7 8. Bd3 O-O 9. O-O Bg4 10. h3 Bxf3 11. Qxf3 a6 12. a4 Re8 13. Bf4 Qc7 14. Rfe1 Nbd7 15. Qe2 Nh5 16. Be3 Ne5 17. Bc2 Re7 18. g4 Nf6 19. f4 Ned7 20. Qd2 Ne8 21. Kg2 Nb6 22. b3 Nd7 23. Ra2 Bxc3 24. Qxc3 Nef6 25. Bc1 Rae8 26. Bb2 b5 27. axb5 axb5 28. b4 Qb6 29. Ba1 cxb4 30. Qb2 Qc5 31. g5 Qc3 32. Qxc3 bxc3 33. gxf6 Nxf6 34. Bxc3 Nxd5 35. Bd2 Nf6 36. Bc3 Nd5 37. Bd2 Nf6 38. Bb4 Nxe4 39. Rxe4 Rxe4 40. Bxe4 Rxe4 41. Bxd6 f6 42. Kf3 Rd4 43. Bc5 Rc4 44. Be3 Kf7 45. Rb2 b4 46. Bd2 Ke6 47. Rxb4 Rc2 48. Ke3 Rc5 49. Rb7 Rh5 50. Rb6+ Kf5 51. Rb5+ Ke6 52. Rxh5 gxh5 53. Ke4 f5+ 54. Kd4 Kd6 55. Be1 Ke6 56. Bh4 Kd6 57. Bf6 Ke6 58. Be5 Kf7 59. Kd5 Ke7 60. Bd4 Kf7 61. Ke5 Kg6 62. h4 Kh6 63. Ke6 Kg6 64. Bc5 1-0

[Event "Staffordshire Open"]
[Site "Stoke-on-Trent"]
[Date "2025.08.17"]
[Round "5.6"]
[White "Westfield, Francis"]
[Black "Barwick, Carmel"]
[Result "0-1"]
[WhiteElo "1863"]
[BlackElo "1915"]
[PlyCount "71"]
[EventDate "2025.08.16"]
[EventType "swiss"]
[EventRounds "5"]
[EventCountry "ENG"]
[SourceTitle "BritBase"]
[Source "John Saunders"]
[SourceDate "2025.08.19"]
[SourceVersion "1"]
[SourceVersionDate "2025.08.19"]
[SourceQuality "1"]

1. e4 c5 2. Nf3 e6 3. Nc3 Nc6 4. d4 cxd4 5. Nxd4 Nf6 6. Nxc6 bxc6 7. a3 d5 8. exd5 cxd5 9. Bb5+ Bd7 10. Bxd7+ Qxd7 11. Qd4 Be7 12. Qa4 Qxa4 13. Nxa4 Rc8 14. c3 Rc4 15. b3 Rc6 16. f3 O-O 17. O-O Nd7 18. Rd1 Bf6 19. Bb2 Rb8 20. c4 Bxb2 21. Nxb2 Nf6 22. cxd5 Nxd5 23. Nd3 h6 24. Nb4 Nxb4 25. axb4 Rxb4 26. Rxa7 Rxb3 27. Rdd7 Rc2 28. h3 Rb1+ 29. Kh2 Rbb2 30. Rxf7 Rxg2+ 31. Kh1 Rg3 32. Rfd7 Rxh3+ 33. Kg1 Rg3+ 34. Kh1 Rb5 35. Kh2 Rg6 36. Rd8+ 0-1

[Event "Staffordshire Open"]
[Site "Stoke-on-Trent"]
[Date "2025.08.17"]
[Round "5.7"]
[White "Ofeni, Joel"]
[Black "Ranasinghe, Chaniru"]
[Result "1-0"]
[WhiteElo "1672"]
[BlackElo "1642"]
[PlyCount "73"]
[EventDate "2025.08.16"]
[EventType "swiss"]
[EventRounds "5"]
[EventCountry "ENG"]
[SourceTitle "BritBase"]
[Source "John Saunders"]
[SourceDate "2025.08.19"]
[SourceVersion "1"]
[SourceVersionDate "2025.08.19"]
[SourceQuality "1"]

1. e4 c5 2. Nf3 d6 3. d4 cxd4 4. Nxd4 Nf6 5. Nc3 a6 6. Rg1 e5 7. Nb3 Be6 8. g4 h6 9. Be3 b5 10. a3 Be7 11. Be2 d5 12. exd5 Nxd5 13. Nxd5 Qxd5 14. Bf3 e4 15. Be2 Nd7 16. Qxd5 Bxd5 17. O-O-O Bxb3 18. cxb3 Bg5 19. b4 Rc8+ 20. Kb1 Bxe3 21. fxe3 Nf6 22. Rd6 Ra8 23. Rxa6 Rb8 24. Ra5 Nd5 25. Rxb5 Rxb5 26. Bxb5+ Ke7 27. Bc6 Nxe3 28. Re1 Ng2 29. Rxe4+ Kf6 30. Re8 Rxe8 31. Bxe8 Ne3 32. b5 Nd5 33. Bc6 Nb6 34. b3 Ke6 35. a4 Kd6 36. a5 Nc8 37. Kc2 1-0

[Event "Staffordshire Major"]
[Site "Stoke-on-Trent"]
[Date "2025.08.16"]
[Round "1.1"]
[White "Reed, Kyle"]
[Black "Gostelow, David"]
[Result "1-0"]
[WhiteElo "1930"]
[BlackElo "1746"]
[PlyCount "69"]
[EventDate "2025.08.16"]
[EventType "swiss"]
[EventRounds "5"]
[EventCountry "ENG"]
[SourceTitle "BritBase"]
[Source "John Saunders"]
[SourceDate "2025.08.19"]
[SourceVersion "1"]
[SourceVersionDate "2025.08.19"]
[SourceQuality "1"]

1. d4 d5 2. c4 c6 3. cxd5 cxd5 4. Bf4 Nc6 5. e3 Nf6 6. Nc3 a6 7. Be2 e6 8. Rc1 Bd6 9. Bxd6 Qxd6 10. f4 Bd7 11. Nf3 O-O 12. O-O Rac8 13. Ne5 Ne7 14. g4 Rfd8 15. Bd3 Be8 16. Qf3 Qb4 17. Rc2 b5 18. h4 Qd6 19. a3 b4 20. axb4 Rb8 21. h5 Rxb4 22. Ra1 Ra8 23. g5 Nd7 24. Nb5 Qb6 25. Nc7 Rd8 26. Nxe8 Nxe5 27. fxe5 Rxe8 28. Rxa6 Qb7 29. Rf2 Rf8 30. Rxe6 Nc8 31. Qf5 g6 32. hxg6 hxg6 33. Rxg6+ fxg6 34. Qxf8+ Kh7 35. Rh2# 1-0

[Event "Staffordshire Major"]
[Site "Stoke-on-Trent"]
[Date "2025.08.16"]
[Round "1.2"]
[White "London, Nicholas"]
[Black "Flynn, David"]
[Result "1/2-1/2"]
[WhiteElo "1742"]
[BlackElo "1906"]
[PlyCount "93"]
[EventDate "2025.08.16"]
[EventType "swiss"]
[EventRounds "5"]
[EventCountry "ENG"]
[SourceTitle "BritBase"]
[Source "John Saunders"]
[SourceDate "2025.08.19"]
[SourceVersion "1"]
[SourceVersionDate "2025.08.19"]
[SourceQuality "1"]

1. d4 Nf6 2. c4 c5 3. Nf3 e6 4. d5 b5 5. dxe6 fxe6 6. Bg5 bxc4 7. e4 Be7 8. e5 Nd5 9. Bxe7 Qxe7 10. Bxc4 Nb6 11. Bb3 Ba6 12. Nc3 O-O 13. Bc2 Nc6 14. Bd3 Bxd3 15. Qxd3 Nb4 16. Qe2 N4d5 17. O-O Nxc3 18. bxc3 c4 19. Rfe1 Qc5 20. Nd2 Rac8 21. Rac1 Nd5 22. Ne4 Nf4 23. Nxc5 Nxe2+ 24. Rxe2 Rxc5 25. Rd1 Rf5 26. Rde1 Ra5 27. f3 Ra3 28. Rc2 Kf7 29. Re4 Ra4 30. Kf2 Ke7 31. g4 Rf8 32. Rd2 Rc8 33. Red4 Rc7 34. f4 Ra3 35. Rc2 Ra5 36. Rcd2 Ra3 37. Rc2 Ra5 38. Ke3 Rb5 39. Rf2 Rb1 40. f5 Re1+ 41. Re2 Rc1 42. Kd2 Rf1 43. fxe6 dxe6 44. g5 Ra1 45. Ke3 Rc1 46. Kd2 Ra1 47. Ke3 1/2-1/2

[Event "Staffordshire Major"]
[Site "Stoke-on-Trent"]
[Date "2025.08.16"]
[Round "1.3"]
[White "Burns, Martin J"]
[Black "Hulme, David"]
[Result "1-0"]
[WhiteElo "1884"]
[BlackElo "1731"]
[PlyCount "101"]
[EventDate "2025.08.16"]
[EventType "swiss"]
[EventRounds "5"]
[EventCountry "ENG"]
[SourceTitle "BritBase"]
[Source "John Saunders"]
[SourceDate "2025.08.19"]
[SourceVersion "1"]
[SourceVersionDate "2025.08.19"]
[SourceQuality "1"]

1. e4 e5 2. Nf3 Nf6 3. Nc3 d6 4. d3 Be7 5. Be3 c5 6. Be2 Bd7 7. O-O Nc6 8. h3 h6 9. Nh2 Nd4 10. Qd2 g5 11. Bd1 Ne6 12. Ng4 Nxg4 13. Bxg4 h5 14. Bf5 Nf4 15. Kh2 Bxf5 16. exf5 Qd7 17. Bxf4 gxf4 18. Nd5 Qxf5 19. Nc7+ Kd7 20. Nxa8 h4 21. Qe2 Rg8 22. Qe4 Qxe4 23. dxe4 Rxa8 24. Rad1 b5 25. g3 Bg5 26. g4 a5 27. Rd5 Kc6 28. Rfd1 Rd8 29. Kg2 Rd7 30. Kf3 Rd8 31. R1d3 Rd7 32. a3 Be7 33. Rd1 a4 34. c3 c4 35. g5 Rd8 36. Rg1 Rg8 37. Rdd1 Bxg5 38. Rg4 f6 39. Rdg1 d5 40. exd5+ Kxd5 41. Rd1+ Ke6 42. Rgg1 f5 43. Ke2 e4 44. f3 Ke5 45. Rd7 Rd8 46. Rxd8 Bxd8 47. Rg8 Be7 48. Rb8 Bc5 49. Rxb5 Kd6 50. Ra5 exf3+ 51. Kxf3 1-0

[Event "Staffordshire Major"]
[Site "Stoke-on-Trent"]
[Date "2025.08.16"]
[Round "2.1"]
[White "Vann, Richard"]
[Black "Reed, Kyle"]
[Result "1/2-1/2"]
[WhiteElo "1872"]
[BlackElo "1930"]
[PlyCount "39"]
[EventDate "2025.08.16"]
[EventType "swiss"]
[EventRounds "5"]
[EventCountry "ENG"]
[SourceTitle "BritBase"]
[Source "John Saunders"]
[SourceDate "2025.08.19"]
[SourceVersion "1"]
[SourceVersionDate "2025.08.19"]
[SourceQuality "1"]

1. d4 d5 2. Nf3 Nf6 3. e3 c5 4. c3 e6 5. Bd3 Nbd7 6. O-O b6 7. Nbd2 Bb7 8. Qe2 Ne4 9. Ne5 Bd6 10. Nxd7 Qxd7 11. f3 Nxd2 12. Bxd2 e5 13. dxe5 Bxe5 14. Bb5 Bc6 15. Bxc6 Qxc6 16. Rfe1 O-O 17. e4 dxe4 18. Qxe4 Qd6 19. Qxe5 Qxd2 20. Re2 1/2-1/2

[Event "Staffordshire Major"]
[Site "Stoke-on-Trent"]
[Date "2025.08.16"]
[Round "2.2"]
[White "Saunders, Michael"]
[Black "Burns, Martin J"]
[Result "1/2-1/2"]
[WhiteElo "1668"]
[BlackElo "1884"]
[PlyCount "70"]
[EventDate "2025.08.16"]
[EventType "swiss"]
[EventRounds "5"]
[EventCountry "ENG"]
[SourceTitle "BritBase"]
[Source "John Saunders"]
[SourceDate "2025.08.19"]
[SourceVersion "1"]
[SourceVersionDate "2025.08.19"]
[SourceQuality "1"]

1. d4 Nf6 2. Nf3 g6 3. Nc3 d5 4. Bf4 c6 5. e3 Bg7 6. Qd2 Nbd7 7. Be2 a5 8. O-O O-O 9. Ne5 Nxe5 10. Bxe5 b5 11. f3 Ba6 12. Rfe1 Bh6 13. Bd3 Nd7 14. Bf4 Bg7 15. Ne2 c5 16. c3 Re8 17. Bg3 Qb6 18. Bf2 c4 19. Bc2 Bh6 20. Qd1 Rad8 21. e4 dxe4 22. Bxe4 Nf6 23. Ng3 Qc7 24. Bc2 Bb7 25. Ne4 Nd5 26. Ng3 Bg7 27. Ne2 Bh6 28. Ng3 Bg7 29. Ne2 Qc8 30. Qd2 Qc6 31. Be4 Qc7 32. Rad1 Nf6 33. Bc2 e5 34. Qg5 h6 35. Qc1 exd4 1/2-1/2

[Event "Staffordshire Major"]
[Site "Stoke-on-Trent"]
[Date "2025.08.16"]
[Round "2.3"]
[White "Gostelow, David"]
[Black "London, Nicholas"]
[Result "0-1"]
[WhiteElo "1746"]
[BlackElo "1742"]
[PlyCount "146"]
[EventDate "2025.08.16"]
[EventType "swiss"]
[EventRounds "5"]
[EventCountry "ENG"]
[SourceTitle "BritBase"]
[Source "John Saunders"]
[SourceDate "2025.08.19"]
[SourceVersion "1"]
[SourceVersionDate "2025.08.19"]
[SourceQuality "1"]

1. d4 Nf6 2. Bf4 c5 3. e3 d5 4. Nf3 Nc6 5. c3 Qb6 6. Qb3 c4 7. Qc2 Bf5 8. Qc1 Nh5 9. Nbd2 Nxf4 10. exf4 e6 11. Be2 Qc7 12. g3 Be7 13. Bd1 Bf6 14. Bc2 Ne7 15. O-O Bh3 16. Re1 O-O 17. b3 b5 18. bxc4 bxc4 19. Qa3 g6 20. Rab1 Nf5 21. Rb2 Rab8 22. Reb1 h5 23. Qa4 Rxb2 24. Rxb2 Rb8 25. Rb5 Rxb5 26. Qxb5 h4 27. Qb1 hxg3 28. hxg3 Kg7 29. Kh2 Bg4 30. Kg2 Nd6 31. Ne5 Bf5 32. Bxf5 Nxf5 33. Ng4 Nd6 34. Ne5 Qa5 35. Qb2 Nb5 36. Nb1 a6 37. Nc6 Qa4 38. Ne5 Be7 39. Nf3 Ba3 40. Nxa3 Qxa3 41. Qxa3 Nxa3 42. Nd2 Kf6 43. Kf3 Nb5 44. Nb1 g5 45. fxg5+ Kxg5 46. a4 Nd6 47. Nd2 a5 48. Ke3 Nc8 49. Nf3+ Kf5 50. Ne5 f6 51. Nd7 e5 52. dxe5 fxe5 53. f4 exf4+ 54. gxf4 Nd6 55. Kd4 Ne4 56. Nc5 Nxc5 57. Kxc5 Ke4 58. f5 d4 59. f6 dxc3 60. f7 c2 61. f8=Q c1=Q 62. Qe7+ Kd3 63. Qd6+ Kc3 64. Qg3+ Kb2 65. Kb5 c3 66. Kxa5 Qd2 67. Qb8+ Kc1 68. Qb3 c2+ 69. Kb5 Qd7+ 70. Kb4 Qb7+ 71. Kc3 Qxb3+ 72. Kxb3 Kd2 73. Kb2 c1=Q+ 0-1

[Event "Staffordshire Major"]
[Site "Stoke-on-Trent"]
[Date "2025.08.16"]
[Round "3.1"]
[White "Flynn, David"]
[Black "Singh, Amrik J"]
[Result "0-1"]
[WhiteElo "1906"]
[BlackElo "1872"]
[PlyCount "78"]
[EventDate "2025.08.16"]
[EventType "swiss"]
[EventRounds "5"]
[EventCountry "ENG"]
[SourceTitle "BritBase"]
[Source "John Saunders"]
[SourceDate "2025.08.19"]
[SourceVersion "1"]
[SourceVersionDate "2025.08.19"]
[SourceQuality "1"]

1. e4 g6 2. d4 Bg7 3. Nc3 d6 4. Be3 Nd7 5. g4 a6 6. h4 b5 7. h5 Bb7 8. h6 Bf8 9. Bg2 Rc8 10. f4 Bxh6 11. g5 Bg7 12. Qg4 c5 13. d5 h5 14. gxh6 Rxh6 15. Rxh6 Nxh6 16. Qg3 Nf6 17. f5 Nh5 18. Qf3 Nf6 19. fxg6 fxg6 20. Bh3 Nf7 21. Qg2 Nh8 22. O-O-O Rc7 23. Nge2 Bc8 24. Nf4 Bh6 25. Re1 Bxf4 26. Bxf4 Bxh3 27. Qxh3 Kf7 28. Rh1 Nh5 29. Bh6 Qc8 30. Rf1+ Nf6 31. Qf3 Kg8 32. Bg5 Nh7 33. Bh6 Qe8 34. Qg4 Qc8 35. Qf3 b4 36. Ne2 e5 37. dxe6 Qxe6 38. Nf4 Qxa2 39. Nd5 Rf7 0-1

[Event "Staffordshire Major"]
[Site "Stoke-on-Trent"]
[Date "2025.08.16"]
[Round "3.2"]
[White "Bovtramovics, Vladimirs"]
[Black "Vann, Richard"]
[Result "0-1"]
[WhiteElo "1814"]
[BlackElo "1872"]
[PlyCount "64"]
[EventDate "2025.08.16"]
[EventType "swiss"]
[EventRounds "5"]
[EventCountry "ENG"]
[SourceTitle "BritBase"]
[Source "John Saunders"]
[SourceDate "2025.08.19"]
[SourceVersion "1"]
[SourceVersionDate "2025.08.19"]
[SourceQuality "1"]

1. d4 d5 2. Nf3 c5 3. c4 e6 4. Nc3 cxd4 5. Nb5 dxc4 6. Nbxd4 a6 7. a4 e5 8. Nc2 Qxd1+ 9. Kxd1 Nc6 10. e3 Bg4 11. h3 Bxf3+ 12. gxf3 Rd8+ 13. Bd2 Na5 14. Ke1 Nb3 15. Bc3 Nxa1 16. Nxa1 b5 17. Nc2 f6 18. Ba5 Rb8 19. Nb4 Bxb4+ 20. Bxb4 Ne7 21. Rg1 Nd5 22. Ba5 Kf7 23. h4 Rhc8 24. Bh3 Rc5 25. Bd2 b4 26. e4 Nf4 27. Bxf4 exf4 28. Ke2 Rb7 29. Rd1 c3 30. bxc3 bxc3 31. Rc1 Rb2+ 32. Kd3 Rd2# 0-1